[Event "52nd Groningen Open"]
[Site "Groningen NED"]
[Date "2014.12.26"]
[Round "5.29"]
[White "Afek, Yochanan"]
[Black "Hummel, Paul"]
[Result "1-0"]
[WhiteTitle "IM"]
[WhiteElo "2285"]
[BlackElo "2049"]
[WhiteFideId "2800462"]
[BlackFideId "1021168"]
[EventDate "2014.12.21"]

1. e4 g6 2. d4 Bg7 3. Nc3 d6 4. Be3 a6 5. g3 b5 6. Bg2 Bb7 7. a3 Nd7 8. Nge2
Ngf6 9. O-O O-O 10. e5 Bxg2 11. exf6 Bxf1 12. fxg7 Kxg7 13. Qxf1 c5 14. dxc5
Nxc5 15. Qh3 h5 16. Rd1 Rc8 17. Nf4 Na4 18. Bd4+ Kg8 19. Nxa4 bxa4 20. Bc3 e6
21. Nxe6 Qd7 22. Nf4 1-0

[Event "52nd Groningen Open"]
[Site "Groningen NED"]
[Date "2014.12.26"]
[Round "5.30"]
[White "Van Osch, Mees"]
[Black "Sparenberg, Erik"]
[Result "1-0"]
[WhiteElo "2261"]
[BlackElo "2105"]
[WhiteFideId "1035967"]
[BlackFideId "1013262"]
[EventDate "2014.12.21"]

1. e4 e5 2. Nf3 Nc6 3. c3 Nf6 4. d4 d6 5. Bd3 Be7 6. O-O O-O 7. h3 Nd7 8. Nbd2
Bf6 9. Nb3 Re8 10. Re1 b6 11. Be3 Bb7 12. Nbd2 exd4 13. cxd4 Nb4 14. Bb1 c5 15.
a3 cxd4 16. Nxd4 Na6 17. b4 Nc7 18. Ba2 d5 19. exd5 Nxd5 20. Nc4 Ne5 21. Nxe5
Bxe5 22. Qb3 Qf6 23. Rad1 Nxe3 24. Rxe3 Red8 25. Rxe5 Qxe5 26. Qxf7+ Kh8 27.
Qxb7 Rac8 28. Bb3 Rc7 29. Nf3 Rxd1+ 30. Bxd1 Qe1+ 31. Nxe1 Rxb7 32. Kf1 Rc7 33.
Ke2 Rc3 34. Nc2 g5 35. Kd2 Rb3 36. Bf3 Kg7 37. Bd5 Rb1 38. Ba2 Rg1 39. Ne1 Kf6
40. Ke2 Rh1 41. Bc4 h6 42. f3 Ke5 43. Kf2 Kd4 44. Bf1 Kc3 45. g3 Kb3 46. f4 gxf4
47. gxf4 1-0

[Event "52nd Groningen Open"]
[Site "Groningen NED"]
[Date "2014.12.26"]
[Round "5.31"]
[White "Den Hartog, Marijn"]
[Black "Ypma, Peter"]
[Result "0-1"]
[WhiteElo "2150"]
[BlackElo "2223"]
[WhiteFideId "1046098"]
[BlackFideId "1027255"]
[EventDate "2014.12.21"]

1. e4 c5 2. Nf3 g6 3. d4 cxd4 4. Nxd4 Nc6 5. Be3 Nf6 6. Nc3 Bg7 7. Be2 O-O 8.
O-O d5 9. exd5 Nb4 10. Qd2 Nbxd5 11. Nxd5 Nxd5 12. Rad1 Nxe3 13. fxe3 e5 14. Nb5
Be6 15. Nd6 Qb6 16. c4 Bh6 17. Rf3 a5 18. Rc1 Bg4 19. c5 Qb4 20. Rc3 Bxf3 21.
Bxf3 Rad8 22. a3 Qb5 23. Qc2 Qd7 24. Bxb7 Qc7 25. Qe4 Rxd6 26. cxd6 Qxd6 27. Rd3
Qc5 28. b4 axb4 29. axb4 Qa7 30. Kf2 Rb8 31. Rd7 Qa2+ 32. Kf3 Qe6 33. Qd3 e4+
34. Bxe4 Rxb4 35. Rd8+ Bf8 36. Bd5 Qf6+ 37. Ke2 Rb2+ 38. Kd1 Rb6 39. Rd7 Qa1+
40. Ke2 Qb2+ 41. Kf3 Rf6+ 42. Kg4 Qe5 43. Qe4 Qxh2 0-1

[Event "52nd Groningen Open"]
[Site "Groningen NED"]
[Date "2014.12.26"]
[Round "5.32"]
[White "Theulings, Paul-Peter"]
[Black "Gerlagh, Joris"]
[Result "1/2-1/2"]
[WhiteTitle "CM"]
[WhiteElo "2132"]
[BlackElo "2193"]
[WhiteFideId "1002899"]
[BlackFideId "1038834"]
[EventDate "2014.12.21"]

1. Nf3 g6 2. c4 Bg7 3. d4 Nf6 4. g3 d5 5. cxd5 Nxd5 6. Bg2 Nb6 7. O-O Nc6 8. Nc3
Nxd4 9. Nxd4 Bxd4 10. Nb5 Be5 11. Qxd8+ Kxd8 12. Rd1+ Nd7 13. f4 Bf6 14. Be3 a6
15. Na7 c6 16. Rac1 e6 17. Rc2 Ke7 18. Rcd2 Rd8 19. b4 Ke8 20. a4 Bc3 21. Rd3
Bxb4 22. Nxc6 bxc6 23. Bxc6 Rb8 24. Ba7 Rb7 25. Bxb7 Bxb7 26. Bb6 Be4 27. Rd4
Bc2 28. Rxb4 Bxd1 29. Bxd8 Kxd8 30. Kf2 a5 31. Rb5 Bxa4 32. Rxa5 Bc6 33. g4 Ke7
34. g5 Kf8 35. Ra7 Ke8 36. Rc7 Bd5 37. Rc8+ Ke7 38. Ke3 Nb6 39. Rc7+ Ke8 40. Kd4
Kd8 41. Ra7 Nd7 42. e4 Bb3 43. Ra8+ Ke7 44. e5 Bc2 45. Ra7 Bf5 46. Ke3 Ke8 47.
Ra8+ Ke7 48. Ra7 Ke8 49. Ra8+ Ke7 1/2-1/2

[Event "52nd Groningen Open"]
[Site "Groningen NED"]
[Date "2014.12.26"]
[Round "5.33"]
[White "Schoehuijs, Erik"]
[Black "Vos, Tjark"]
[Result "1-0"]
[WhiteElo "2125"]
[BlackElo "2173"]
[WhiteFideId "1004425"]
[BlackFideId "1020870"]
[EventDate "2014.12.21"]

1. d4 Nf6 2. c4 e6 3. Nc3 Bb4 4. Nf3 b6 5. Bd2 Bb7 6. e3 O-O 7. Be2 d5 8. cxd5
exd5 9. O-O Nbd7 10. Rc1 c5 11. Qa4 a6 12. dxc5 Bxc5 13. Rfd1 Re8 14. Be1 Qe7
15. Nd4 Ne5 16. a3 b5 17. Qb3 Nc4 18. Bf3 Bxd4 19. exd4 Ne4 20. h3 Rad8 21. Ne2
Ng5 22. Bg4 f5 23. Bb4 Qe6 24. Bh5 g6 25. Nf4 Qf6 26. Be2 Re4 27. Bxc4 dxc4 28.
Qg3 Rde8 29. d5 Nf7 30. Nh5 Qb6 31. d6 R8e6 32. Nf4 Rxf4 33. Qxf4 a5 34. Bc3 b4
35. Qxc4 Re4 36. Qc7 Qxc7 37. dxc7 bxc3 38. Rxc3 Re8 39. Rb3 Bc8 40. Rb8 Kf8 41.
Rd8 1-0

[Event "52nd Groningen Open"]
[Site "Groningen NED"]
[Date "2014.12.26"]
[Round "5.34"]
[White "Maris, Ivo"]
[Black "De Groot, Hendrik"]
[Result "1-0"]
[WhiteElo "2232"]
[BlackElo "2097"]
[WhiteFideId "1028146"]
[BlackFideId "1037021"]
[EventDate "2014.12.21"]

1. e4 d6 2. d4 Nf6 3. f3 d5 4. e5 Ng8 5. Be3 e6 6. Qd2 b6 7. a4 c5 8. a5 c4 9.
axb6 Qxb6 10. Nc3 Bb4 11. g4 Nc6 12. Bg2 Nxe5 13. dxe5 1-0

[Event "52nd Groningen Open"]
[Site "Groningen NED"]
[Date "2014.12.26"]
[Round "5.35"]
[White "Henseler, Jorgen"]
[Black "Von Meijenfeldt, Bart"]
[Result "0-1"]
[BlackTitle "FM"]
[WhiteElo "2110"]
[BlackElo "2326"]
[WhiteFideId "1023233"]
[BlackFideId "1032259"]
[EventDate "2014.12.21"]

1. d4 Nf6 2. c4 g6 3. Nc3 Bg7 4. e4 d6 5. Nf3 O-O 6. Be2 e5 7. O-O Nc6 8. d5 Ne7
9. b4 Nh5 10. Re1 f5 11. Ng5 Nf6 12. f3 c6 13. Be3 h6 14. Ne6 Bxe6 15. dxe6 Qc7
16. b5 Rfd8 17. Qa4 Qc8 18. bxc6 bxc6 19. Rab1 Kh7 20. Rb3 Qxe6 21. Rb7 d5 22.
Bc5 Nc8 23. Qa5 Nb6 24. cxd5 cxd5 25. Rxa7 Rxa7 26. Qxa7 Rc8 27. exd5 Nfxd5 28.
Nxd5 Nxd5 29. Bb5 Rc7 30. Qa3 Qc8 31. Bd6 Rc3 32. Qa7 Rc1 33. Rf1 Kh8 34. Ba6
Qc6 35. Qb8+ Kh7 36. Bb5 Ne3 37. h3 Qc2 0-1

[Event "52nd Groningen Open"]
[Site "Groningen NED"]
[Date "2014.12.26"]
[Round "5.36"]
[White "Beerdsen, Thomas"]
[Black "Lewin, Tammo"]
[Result "1-0"]
[WhiteTitle "FM"]
[WhiteElo "2314"]
[BlackElo "2131"]
[WhiteFideId "1030108"]
[BlackFideId "4668596"]
[EventDate "2014.12.21"]

1. e4 e6 2. d4 c5 3. Nf3 cxd4 4. Nxd4 Nc6 5. Nc3 Qc7 6. Be3 a6 7. Bd3 Nf6 8. O-O
h5 9. h3 Bd6 10. Nxc6 bxc6 11. f4 e5 12. Qd2 exf4 13. Bxf4 Bxf4 14. Rxf4 d6 15.
Bc4 Be6 16. Bb3 Ke7 17. Re1 g5 18. Rxf6 Kxf6 19. e5+ dxe5 20. Ne4+ Ke7 21. Qxg5+
Ke8 22. Bxe6 fxe6 23. Qg6+ 1-0

[Event "52nd Groningen Open"]
[Site "Groningen NED"]
[Date "2014.12.26"]
[Round "5.37"]
[White "Maatman, Nick"]
[Black "Boersma, Jan"]
[Result "1/2-1/2"]
[WhiteElo "2226"]
[BlackElo "2119"]
[WhiteFideId "1040391"]
[BlackFideId "1003267"]
[EventDate "2014.12.21"]

1. d4 Nf6 2. c4 g6 3. Nc3 Bg7 4. e4 O-O 5. Nge2 d6 6. Ng3 Nc6 7. d5 Nb4 8. Be2
a5 9. O-O c6 10. Be3 h5 11. h3 cxd5 12. cxd5 Bd7 13. f4 Qb8 14. Bd4 b5 15. Bf3
Ne8 16. Bxg7 Nxg7 17. Qd2 f5 18. Rae1 Qa7+ 19. Kh2 h4 20. Nge2 Rac8 21. Nd4 Rc4
22. Ndxb5 Bxb5 23. Nxb5 Qc5 24. Nc3 Rd4 25. Qf2 Nd3 26. Qxh4 Nxe1 27. Rxe1 Rf7
28. Qh6 Rd3 29. Re2 Qc4 30. Qxg6 a4 31. a3 Rf6 32. Qg5 Kf8 33. e5 dxe5 34. fxe5
Rf7 35. d6 Qc5 36. Qh4 exd6 37. Qh8+ Ke7 38. exd6+ Kd7 39. Qa8 Qxd6+ 40. Kh1 Ne6
41. Qxa4+ Kd8 42. Qa8+ Kd7 43. Qa4+ Kd8 44. Qa8+ Kd7 45. Re1 Nc7 46. Qa4+ Kd8
47. Nb5 Qg3 48. Rf1 Rxf3 49. Rxf3 Qe1+ 50. Kh2 Qe5+ 51. Qf4 Qxb5 52. Qg5+ Kd7
53. b4 Ne6 54. Qg6 Qe5+ 55. Qg3 f4 56. Qf2 1/2-1/2

[Event "52nd Groningen Open"]
[Site "Groningen NED"]
[Date "2014.12.26"]
[Round "5.38"]
[White "Minko, Vladimir"]
[Black "Kampman, Tijmen"]
[Result "1/2-1/2"]
[WhiteTitle "FM"]
[WhiteElo "2215"]
[BlackElo "2084"]
[WhiteFideId "24146706"]
[BlackFideId "1009079"]
[EventDate "2014.12.21"]

1. d4 g6 2. g3 Bg7 3. Bg2 Nf6 4. c4 c5 5. Nf3 O-O 6. O-O Na6 7. Nc3 d6 8. b3 Re8
9. Bb2 Qa5 10. Qd2 Rb8 11. Rfd1 cxd4 12. Nxd4 Qh5 13. Ncb5 Nc5 14. Nxa7 Bh3 15.
Nf3 Nce4 16. Qc2 Nxf2 17. Rf1 Bxg2 18. Kxg2 N6g4 19. Qc1 Qh3+ 20. Kg1 Bxb2 21.
Qxb2 Ne4 22. Qd4 Ng5 23. Qd2 Ne4 24. Qd4 Ng5 25. Qd2 Ne4 1/2-1/2

[Event "52nd Groningen Open"]
[Site "Groningen NED"]
[Date "2014.12.26"]
[Round "5.39"]
[White "Schoppen, Casper"]
[Black "Rubingh, Otto"]
[Result "1/2-1/2"]
[BlackTitle "FM"]
[WhiteElo "1927"]
[BlackElo "2209"]
[WhiteFideId "1046730"]
[BlackFideId "1002139"]
[EventDate "2014.12.21"]

1. d4 e6 2. c4 f5 3. Nf3 Nf6 4. g3 Be7 5. Bg2 d6 6. O-O O-O 7. Nc3 Qe8 8. Qc2
Qh5 9. e4 e5 10. dxe5 dxe5 11. Bg5 Nc6 12. exf5 Ng4 13. h4 Bxf5 14. Qe2 Bc5 15.
Ne4 Nd4 16. Nxd4 Bxd4 17. Be3 Bxe3 18. fxe3 Qg6 19. Nc5 Nh6 20. e4 Bg4 21. Qe3
Qb6 22. b3 Be6 23. Kh1 Rad8 24. Qg1 Rxf1 25. Rxf1 Bg4 26. Qf2 a5 27. Qe3 Rd4 28.
Na4 Qd6 29. Qg5 Rd1 30. Qe3 Bd7 31. Nc3 Rxf1+ 32. Bxf1 Ng4 33. Qf3 c6 34. Bh3
Nf2+ 35. Qxf2 Bxh3 36. Kh2 Bg4 37. Na4 Qd1 38. Nc5 Bf3 39. g4 Bxg4 40. Nxb7 Bf3
41. Nc5 h6 42. Ne6 Kh7 43. Nf8+ Kg8 44. Ne6 Kh7 45. Nf8+ 1/2-1/2

[Event "52nd Groningen Open"]
[Site "Groningen NED"]
[Date "2014.12.26"]
[Round "5.40"]
[White "Heemskerk, Wim"]
[Black "Gutkind, Kedem"]
[Result "1-0"]
[WhiteTitle "FM"]
[WhiteElo "2169"]
[BlackElo "2064"]
[WhiteFideId "1001000"]
[BlackFideId "1046519"]
[EventDate "2014.12.21"]

1. c4 Nf6 2. Nc3 g6 3. g3 Bg7 4. Bg2 O-O 5. e4 d6 6. Nge2 c5 7. O-O Nc6 8. d3 a6
9. h3 Rb8 10. a4 Bd7 11. Be3 e5 12. Rb1 Nd4 13. b4 b6 14. f4 Nh5 15. f5 gxf5 16.
exf5 Nxf5 17. Rxf5 Bxf5 18. g4 Bg6 19. gxh5 Bxh5 20. Qd2 Kh8 21. Ng3 Bg6 22. Bg5
f6 23. Bh4 Qd7 24. Kh2 f5 25. Bd5 cxb4 26. Rxb4 Qc7 27. Rb1 Rbe8 28. Rf1 Qc5 29.
Bg5 Qc7 30. h4 f4 31. Nge4 h6 32. Kh1 Qd7 33. Qh2 Bf5 34. Rg1 Be6 35. Bxe6 Qxe6
36. Nd5 Rf7 37. Bf6 Bxf6 38. Rg6 Rg8 39. Rxh6+ Kg7 40. Rxf6 Rxf6 41. Ndxf6 Rh8
42. h5 Rh6 43. Qg2+ Kf8 44. Qg5 Qh3+ 45. Kg1 Qe3+ 46. Kh2 Qe2+ 47. Kh3 Qf1+ 48.
Kg4 Qg2+ 49. Kf5 Qh3+ 50. Qg4 Rxf6+ 51. Nxf6 Qxd3+ 52. Kg5 Qxc4 53. h6 Qc7 54.
Qe6 1-0

[Event "52nd Groningen Open"]
[Site "Groningen NED"]
[Date "2014.12.26"]
[Round "5.51"]
[White "Ratsma, Rosa"]
[Black "Dijkstra, Arjan"]
[Result "1-0"]
[WhiteElo "2165"]
[BlackElo "2029"]
[WhiteFideId "1033662"]
[BlackFideId "1021389"]
[EventDate "2014.12.21"]

1. e4 c6 2. d4 d5 3. Nc3 dxe4 4. Nxe4 Bf5 5. Ng3 Bg6 6. h4 h6 7. Nf3 Nd7 8. h5
Bh7 9. Bd3 Bxd3 10. Qxd3 e6 11. Bd2 Ngf6 12. O-O-O Be7 13. Kb1 O-O 14. Ne4 c5
15. g4 Nxg4 16. Qe2 Qb6 17. Nh4 f5 18. Ng6 Rf7 19. f3 fxe4 20. Nxe7+ Rxe7 21.
fxg4 cxd4 22. Qxe4 Nf6 23. Qg6 Qc6 24. Bxh6 e5 25. Bg5 Rc7 26. Rhg1 Rac8 27.
Bxf6 Qxf6 28. Qxf6 gxf6 29. Rd2 Rg7 30. Rf2 Rc6 31. Kc1 Rg5 32. Kd2 Rb6 33. b3
Rc6 34. Kd3 Kf7 35. Ke4 Ke6 36. Rg3 Rc3 37. Rxc3 Rxg4+ 38. Kf3 Rf4+ 39. Kg3 Rxf2
40. Rc7 Rf1 41. h6 Rh1 42. h7 e4 43. Kg2 Rh5 44. Rxb7 a6 45. a4 f5 46. b4 e3 47.
b5 axb5 48. a5 f4 49. Rb6+ Kf7 50. Rb8 Re5 1-0

[Event "52nd Groningen Open"]
[Site "Groningen NED"]
[Date "2014.12.26"]
[Round "5.42"]
[White "Savant, Riya"]
[Black "Bar, Aviv"]
[Result "1-0"]
[WhiteTitle "WFM"]
[WhiteElo "2063"]
[BlackElo "2142"]
[WhiteFideId "5067359"]
[BlackFideId "2806339"]
[EventDate "2014.12.21"]

1. d4 Nf6 2. Nf3 g6 3. g3 Bg7 4. Bg2 d5 5. O-O O-O 6. c4 dxc4 7. Na3 c3 8. bxc3
c5 9. Bb2 Nc6 10. Re1 Qb6 11. Nc4 Qa6 12. Nce5 Nxe5 13. Nxe5 Be6 14. Nd3 Qb6 15.
Ba3 cxd4 16. Bxe7 Rfe8 17. Bc5 Qc7 18. cxd4 Rad8 19. Rc1 b6 20. Ba3 Qb8 21. Ne5
Bd5 22. Bxd5 Rxd5 23. e4 Rdxe5 24. dxe5 Qxe5 25. Qd6 Qh5 26. Qc6 Rd8 27. Qc7 Re8
28. Red1 Qf3 29. Qc3 Qh5 30. Qc6 Qe2 31. Re1 Qxa2 32. e5 Re6 33. Qa8+ Ne8 34.
Bd6 h5 35. Rc8 Qa4 36. Re4 Qb5 37. Rb4 Qd7 38. Rd8 1-0

[Event "52nd Groningen Open"]
[Site "Groningen NED"]
[Date "2014.12.26"]
[Round "5.43"]
[White "Kokje, Joris"]
[Black "Senders, Mischa"]
[Result "1/2-1/2"]
[BlackTitle "FM"]
[WhiteElo "1865"]
[BlackElo "2380"]
[WhiteFideId "1051024"]
[BlackFideId "1038370"]
[EventDate "2014.12.21"]

1. d4 d5 2. c4 c6 3. Nf3 Nf6 4. e3 Bf5 5. Nc3 e6 6. Bd3 Bxd3 7. Qxd3 Bb4 8. O-O
O-O 9. a3 Bxc3 10. bxc3 Nbd7 11. Rb1 Qc7 12. Nd2 Ng4 13. f4 f5 14. Nf3 Nb6 15.
c5 Nd7 16. h3 Ngf6 17. Rf2 Ne4 18. Rfb2 Rab8 19. c4 Kh8 20. Bd2 h6 21. h4 Rg8
22. cxd5 exd5 23. Ne5 Nxe5 24. fxe5 g5 25. Be1 Kg7 26. Qf1 Rgf8 27. Qf3 f4 28.
exf4 Rxf4 29. Qe2 Qd7 30. a4 gxh4 31. Qe3 Qf7 32. Bd2 Ng3 33. Kh2 Nf1+ 34. Rxf1
Rxf1 35. Qxh6+ Kg8 36. Bg5 Qg7 37. Qe6+ Qf7 38. Qh6 Qg7 39. Qe6+ Kh7 40. Qg4 Qg6
41. Qxh4+ Kg8 42. Rb3 Kf7 43. Rg3 Rg8 44. Bf4 Qf5 45. e6+ 1/2-1/2

[Event "52nd Groningen Open"]
[Site "Groningen NED"]
[Date "2014.12.26"]
[Round "5.44"]
[White "Sandvik, Thomas"]
[Black "Offringa, Joost"]
[Result "1/2-1/2"]
[WhiteElo "2060"]
[BlackElo "2226"]
[WhiteFideId "503231"]
[BlackFideId "1025880"]
[EventDate "2014.12.21"]

1. e4 e6 2. d4 d5 3. Nc3 Bb4 4. e5 Ne7 5. a3 Bxc3+ 6. bxc3 b6 7. Qg4 Ng6 8. a4
Ba6 9. Bxa6 Nxa6 10. h4 h5 11. Qe2 Nb8 12. Bg5 Qd7 13. Nf3 Nc6 14. O-O Na5 15.
Rfb1 Ne7 16. Bxe7 Qxe7 17. Qb5+ c6 18. Qb4 Rc8 19. Qxe7+ Kxe7 20. Nd2 c5 21.
dxc5 Rxc5 22. Nb3 Nxb3 23. Rxb3 Rhc8 24. Raa3 R8c7 25. g3 Kf8 26. f4 Kg8 27. Kf2
Kh7 28. Kf3 Kh6 29. g4 hxg4+ 30. Kxg4 Kg6 31. a5 Rxa5 32. Rxa5 bxa5 33. Rb5 Rxc3
34. h5+ Kh6 35. Rb7 a6 36. Rxf7 a4 37. Rd7 g6 38. Rd6 gxh5+ 39. Kh4 Kg6 40.
Rxe6+ Kf5 41. Rf6+ Ke4 42. e6 Rc8 43. e7 Re8 44. Rxa6 Kxf4 45. Rxa4+ Kf5 46. Rd4
Ke5 47. Rd2 1/2-1/2

[Event "52nd Groningen Open"]
[Site "Groningen NED"]
[Date "2014.12.26"]
[Round "5.45"]
[White "Gelip, Ioana"]
[Black "Bhattacharjee, Sourav"]
[Result "1-0"]
[WhiteElo "2151"]
[BlackElo "2029"]
[WhiteFideId "1202260"]
[BlackFideId "1048090"]
[EventDate "2014.12.21"]

1. e4 e5 2. Nf3 Nc6 3. Nc3 Nf6 4. Bb5 Bc5 5. O-O O-O 6. d3 d6 7. Bg5 Be6 8. Na4
Bb6 9. Nxb6 axb6 10. d4 exd4 11. Nxd4 h6 12. Bh4 g5 13. Bg3 Nxe4 14. Nxc6 bxc6
15. Bxc6 Nxg3 16. fxg3 Ra5 17. Qd4 f5 18. b4 Re5 19. a4 Bd7 20. Bd5+ Kg7 21. a5
bxa5 22. bxa5 Qf6 23. a6 c6 24. Bc4 c5 25. Qf2 Bc6 26. Rfb1 Rfe8 27. a7 d5 28.
Bf1 Qd6 29. Rb6 Qd7 30. Qxc5 Ba8 31. Bb5 Qc8 32. Qxc8 Rxc8 33. Rb8 1-0

[Event "52nd Groningen Open"]
[Site "Groningen NED"]
[Date "2014.12.26"]
[Round "5.46"]
[White "Edeling, Jeroen"]
[Black "Jarmany, John"]
[Result "1-0"]
[WhiteElo "2142"]
[BlackElo "2023"]
[WhiteFideId "1010514"]
[BlackFideId "415421"]
[EventDate "2014.12.21"]

1. e4 c6 2. d3 d5 3. Nd2 e5 4. Ngf3 Bd6 5. d4 exd4 6. Nxd4 Ne7 7. Be2 O-O 8. O-O
Re8 9. h3 Ng6 10. exd5 cxd5 11. Nb5 Nf4 12. Bg4 Be5 13. Re1 Bxg4 14. Qxg4 h5 15.
Qf3 a6 16. Nc3 Qf6 17. Nf1 Nc6 18. Rxe5 Nxh3+ 19. Qxh3 Rxe5 20. Bd2 d4 21. Nd1
Rae8 22. c3 Re4 23. Rc1 Rh4 24. Qg3 Rg4 25. Qh3 Ne5 26. f4 Ng6 27. Qxh5 Qe6 28.
Nf2 Rh4 29. Qg5 f5 30. cxd4 Rh6 31. Re1 Qf7 32. Rxe8+ Qxe8 33. Qxf5 Nh4 34. Qd5+
Kh8 35. f5 Rf6 36. Ng3 Qb8 37. Nfe4 Rf8 38. Bg5 Nxf5 39. Nxf5 Qc8 40. Neg3 Qc2
41. Qe5 Rg8 42. Qe2 Qb1+ 43. Kh2 Ra8 44. Qh5+ Kg8 45. Qg6 1-0

[Event "52nd Groningen Open"]
[Site "Groningen NED"]
[Date "2014.12.26"]
[Round "5.47"]
[White "Benson, Oisin P."]
[Black "Ratsma, Midas"]
[Result "1-0"]
[WhiteElo "2010"]
[BlackElo "2137"]
[WhiteFideId "2501821"]
[BlackFideId "1032283"]
[EventDate "2014.12.21"]

1. d4 Nf6 2. c4 g6 3. Nc3 d5 4. Nf3 Bg7 5. Bf4 O-O 6. e3 c5 7. dxc5 Qa5 8. Rc1
Na6 9. cxd5 Nxc5 10. Bc4 Qb4 11. Qe2 b5 12. Bxb5 Nxd5 13. Be5 Bxe5 14. Nxe5 Nxc3
15. bxc3 Qe4 16. Nf3 Rb8 17. O-O Bb7 18. Rfd1 Qf5 19. Nd4 Qf6 20. f3 Rfc8 21.
Bc4 Na4 22. Rd2 Rc5 23. Rdc2 Rg5 24. e4 Rc8 25. Qd3 Rh5 26. Bb3 Ba6 27. Qe3 Nb6
28. Ne2 Rhc5 29. Nf4 Qg5 30. Nd5 Rxd5 31. f4 Rd3 32. Qxd3 Bxd3 33. fxg5 Bxc2 34.
Rxc2 Rc5 35. h4 Nc4 36. Kf2 Na3 37. Rc1 Nb5 38. Ke3 e5 39. Kd3 Kf8 40. Bc4 Nd6
41. Bd5 Ke7 42. Rb1 Rc8 43. Rb4 f5 44. gxf6+ Kxf6 45. Ra4 Rc7 46. Ra6 Ke7 47. c4
Kd7 48. Kc3 Nb5+ 49. Kb4 Nd4 50. c5 Nc2+ 51. Kb5 Nd4+ 52. Kc4 Nc2 53. g3 Ne3+
54. Kb5 Nf1 55. Rd6+ Ke7 56. Re6+ Kd7 57. c6+ Kd8 58. Kc5 Nxg3 59. Kd6 Rf7 60.
Re8+ 1-0

[Event "52nd Groningen Open"]
[Site "Groningen NED"]
[Date "2014.12.26"]
[Round "5.48"]
[White "Ebralidze, Alexandre"]
[Black "Veltman, Anne"]
[Result "1-0"]
[WhiteElo "2128"]
[BlackElo "2012"]
[WhiteFideId "13604660"]
[BlackFideId "1026917"]
[EventDate "2014.12.21"]

1. d4 e6 2. Nf3 c5 3. e3 a6 4. Be2 f5 5. O-O b5 6. c4 bxc4 7. d5 Nf6 8. Bxc4 Bb7
9. dxe6 d5 10. Bd3 Ne4 11. Ne5 Qf6 12. Qa4+ Ke7 13. Qb3 Ra7 14. Nf7 Qxe6 15.
Nxh8 c4 16. Qd1 cxd3 17. Qxd3 Bc6 18. Qd4 Rb7 19. b3 Ke8 20. Ba3 Bxa3 21. Nxa3
Kf8 22. f3 Nf6 23. e4 dxe4 24. fxe4 Bxe4 25. Rac1 Nc6 26. Qc5+ Re7 27. Rfe1 Kg8
28. Rcd1 Ne8 29. Nc4 Kxh8 30. Nd6 Nf6 31. Rc1 Qd5 32. Nxe4 fxe4 33. Qxd5 Nxd5
34. Rxc6 h6 35. Rc5 Nf6 36. h3 Kg8 37. Rc6 Nd5 38. Rxa6 Nb4 39. Ra4 1-0

[Event "52nd Groningen Open"]
[Site "Groningen NED"]
[Date "2014.12.26"]
[Round "5.49"]
[White "Hertel, Johannes"]
[Black "Dijkhuis, Sven"]
[Result "0-1"]
[WhiteElo "1984"]
[BlackElo "2126"]
[WhiteFideId "24694851"]
[BlackFideId "1036556"]
[EventDate "2014.12.21"]

1. d4 Nf6 2. c4 c5 3. d5 e6 4. Nc3 exd5 5. cxd5 d6 6. Nf3 g6 7. e4 a6 8. a4 Bg4
9. Be2 Bxf3 10. Bxf3 Bg7 11. Bf4 Qe7 12. O-O Nbd7 13. e5 dxe5 14. d6 Qd8 15. Re1
O-O 16. Bxe5 Nxe5 17. Rxe5 Qb6 18. Re7 Qxb2 19. Nd5 Nxd5 20. Rb1 Nc3 21. Rxb2
Nxd1 22. Rbxb7 Nc3 23. Bc6 Bf6 24. g3 Rad8 0-1

[Event "52nd Groningen Open"]
[Site "Groningen NED"]
[Date "2014.12.26"]
[Round "5.50"]
[White "Keetman, Maaike"]
[Black "Acikel, Mert"]
[Result "1-0"]
[WhiteElo "2074"]
[BlackElo "1917"]
[WhiteFideId "1033697"]
[BlackFideId "12956465"]
[EventDate "2014.12.21"]

1. e4 e5 2. Nf3 Nc6 3. d4 exd4 4. Nxd4 Bc5 5. Nb3 Bb6 6. Nc3 Qf6 7. Qe2 Nge7 8.
Be3 Bxe3 9. Qxe3 a6 10. O-O-O O-O 11. f4 d6 12. Be2 Be6 13. g4 g5 14. fxg5 Qe5
15. h4 d5 16. h5 Rad8 17. g6 d4 18. Qh6 fxg6 19. hxg6 Qf4+ 20. Qxf4 Rxf4 21. Nc5
dxc3 22. Nxe6 Rxd1+ 23. Bxd1 cxb2+ 24. Kxb2 Rxe4 25. gxh7+ Kh8 26. Ng5 Ne5 27.
Nxe4 1-0

[Event "52nd Groningen Open"]
[Site "Groningen NED"]
[Date "2014.12.26"]
[Round "5.51"]
[White "De Boer, Eelke"]
[Black "Gieben, Stijn"]
[Result "0-1"]
[WhiteElo "1933"]
[BlackElo "2062"]
[WhiteFideId "1048120"]
[BlackFideId "1034170"]
[EventDate "2014.12.21"]

1. e4 c5 2. Nf3 d6 3. d4 cxd4 4. Nxd4 Nf6 5. Nc3 a6 6. Be3 e6 7. f3 Be7 8. Qd2
O-O 9. g4 Nc6 10. O-O-O Nxd4 11. Bxd4 Nd7 12. h4 b5 13. g5 Bb7 14. Kb1 b4 15.
Ne2 Qa5 16. Nc1 Rac8 17. Nb3 Qc7 18. Bh3 d5 19. h5 Ne5 20. Rdf1 dxe4 21. g6 f5
22. h6 Bf6 23. gxh7+ Kh8 24. Nc5 Nc4 25. Qd1 e5 26. Ne6 Qf7 27. hxg7+ Bxg7 28.
Nxg7 Qxg7 29. Rfg1 Qf6 30. Rg8+ Rxg8 31. hxg8=Q+ Kxg8 32. Bf2 Rd8 33. Qe2 Nd2+
34. Ka1 Nxf3 35. Bg2 Rd2 36. Qc4+ Qf7 37. Qxf7+ Kxf7 38. Bxf3 Rxf2 39. Bd1 e3
40. Re1 Rg2 0-1

[Event "52nd Groningen Open"]
[Site "Groningen NED"]
[Date "2014.12.26"]
[Round "5.52"]
[White "Dirksen, Marieke"]
[Black "Zuiderweg, Edwin"]
[Result "1/2-1/2"]
[WhiteElo "2002"]
[BlackElo "2010"]
[WhiteFideId "1032160"]
[BlackFideId "1012207"]
[EventDate "2014.12.21"]

1. e4 d5 2. exd5 Nf6 3. d4 Nxd5 4. Nf3 g6 5. Be2 Bg7 6. O-O O-O 7. Re1 Nc6 8. c3
h6 9. Na3 Kh7 10. Nc4 f6 11. Bd3 b5 12. Ne3 a6 13. Nh4 f5 14. Qf3 e6 15. Nxd5
Qxd5 16. Qg3 1/2-1/2

[Event "52nd Groningen Open"]
[Site "Groningen NED"]
[Date "2014.12.27"]
[Round "6.1"]
[White "Donchenko, Alexander"]
[Black "L'Ami, Erwin"]
[Result "1/2-1/2"]
[WhiteTitle "IM"]
[BlackTitle "GM"]
[WhiteElo "2523"]
[BlackElo "2613"]
[WhiteFideId "24603295"]
[BlackFideId "1007998"]
[EventDate "2014.12.21"]

1. c4 Nf6 2. g3 g6 3. Bg2 Bg7 4. Nc3 O-O 5. Nf3 c6 6. b3 d5 7. Bb2 Ne4 8. d4 Bf5
9. O-O Nxc3 10. Bxc3 Be4 11. e3 e6 12. Qe2 Nd7 13. Bh3 Bxf3 14. Qxf3 f5 15. Qe2
Nf6 16. Bg2 g5 17. h3 h5 18. Rfc1 Rf7 19. b4 g4 20. h4 a6 21. b5 cxb5 22. cxb5
Bf8 23. bxa6 Rxa6 24. a4 Rc7 25. Bf1 Qc8 26. Bd2 Rac6 27. Qd1 Rxc1 28. Rxc1 Rxc1
29. Bxc1 Qc3 30. Bd2 Qb2 31. Bd3 Ne4 32. Be1 Kf7 33. a5 Bb4 34. Qa4 Bxe1 35.
Qd7+ Kf6 36. Qd8+ Kf7 37. Qd7+ 1/2-1/2